Stranger Things 2: Chapter Three - Start to Finish Quiz Stats

 Plays Quiz not verified by Sporcle

Support Sporcle.
Go Orange.
Score 0/12 Timer 05:00
0 Plays Today
% Correct
???
100%
???
85.6%
???
76.4%
???
66.1%
???
52.1%
???
43.5%
???
31.6%
???
18.8%
???
16.3%
???
9.6%
???
9.3%
???
9.3%

You're not logged in!

Compare scores with friends on all Sporcle quizzes.
OR
Log In

From the Vault

NBA Team Leaders (2000s)

by akabuca96

No matter how many times we guessed Jesus Shuttlesworth, we couldn't get a right answer.
Remove Ads.
Support Sporcle.
Get the best of Sporcle when you Go Orange. This ad-free experience offers more features, more stats, and more fun while also helping to support Sporcle. Thank you for becoming a member.

Show Comments

Extras

Top Quizzes Today


Score Distribution

Your Account Isn't Verified!

In order to create a playlist on Sporcle, you need to verify the email address you used during registration. Go to your Sporcle Settings to finish the process.

Report this User

Report this user for behavior that violates our Community Guidelines.

Details: